书目信息 |
| 题名: |
经传释词
|
|
| 作者: | 王引之 撰 | |
| 分册: | ||
| 出版信息: | 南京 江苏古籍出版社 1985 |
|
| 页数: | 197页 | |
| 开本: | 26cm | |
| 丛书名: | 高邮王氏四种 | |
| 单 册: | ||
| 中图分类: | H131.7 | |
| 科图分类: | ||
| 主题词: | 汉语--训诂--古代 | |
| 电子资源: | ||
| ISBN: | ||
| 000 | 00804nam0 2200277 45 | |
| 001 | 0185012715 | |
| 005 | 20050415082743.5 | |
| 010 | @dCNY3.40 | |
| 091 | @a9354.005 | |
| 100 | @a19951030d1985 em y0chiy0121 ea | |
| 101 | 0 | @achi |
| 102 | @aCN@b320000 | |
| 105 | @ay z 000yy | |
| 200 | 10 | @a经传释词@Ajing zhuan shi ci@f(清)王引之撰@F(Qing)Wang Yin Zhi Zhuan |
| 205 | @a影印本 | |
| 210 | @a南京@c江苏古籍出版社@d1985 | |
| 215 | @a197页@d26cm | |
| 225 | @a高邮王氏四种@h四@f中国训诂学研究会主编 | |
| 410 | @12001 @a高邮王氏四种 | |
| 410 | @1700 0@a中国训诂学研究会@AZhong Guo Xun Gu Xue Yan Jiu Hui@4主编 | |
| 606 | @a汉语@x训诂@x古代 | |
| 690 | @aH131.7@v3 | |
| 701 | 0 | @a王引之@4撰 |
| 801 | 0 | @aCN@b深圳图书馆@c20040420 |
| 801 | 2 | @aCN@bNLC@c20040420 |
| 905 | @dH131.7@e7@f1@b171830 | |
| 经传释词/(清)王引之撰.-影印本.-南京:江苏古籍出版社,1985 |
| 197页;26cm.-(高邮王氏四种.四/中国训诂学研究会主编) |
| ISBN :CNY3.40 |
| ● |
| 相关链接 |
|
|
|
|
正题名:经传释词
索取号:H131.7/7
 
预约/预借
| 序号 | 登录号 | 条形码 | 馆藏地/架位号 | 状态 | 备注 |
| 1 | 0171829 | 000834789 | 第四借阅区/ [索取号:H131.7/7] | 在馆 | |
| 2 | 0171830 | 002025258 | 第四借阅区/ [索取号:H131.7/7] | 在馆 | |
| 3 | 0171831 | 202074030 | 密集书库/ [索取号:H131.7/7] | 在馆 |